Alle Endhaltestellen von Xpressbuslinien im HVV - Statistiken

Allgemein
  • Dieses Quiz wurde 18 mal gespielt
  • Das Durchschnittsergebnis liegt bei 16 aus 38
Antwortstatistiken
Hint Antwort % Korrekt
X27 Bf.Bergedorf
58%
X30 Bf.Bergedorf
58%
X32 Bf.Bergedorf
58%
X81 Bf.Bergedorf
58%
X82 Bf.Bergedorf
58%
X22 Jenfeld Zentrum
58%
X80 Lauenburg,ZOB
58%
X35 Sorenkoppel
58%
X22 U Hagenbecks Tierpark
58%
X32 U Wandsbek Markt
58%
X87 U Wandsbek Markt
58%
X27 Poppenbütteler Bogen
50%
X3 Schenefeld, Schenefelder Platz
50%
X3 U Meßberg
50%
X80 U Rödingsmarkt
50%
X40 AIRBUS
42%
X46 AIRBUS
42%
X35 Am Licentiatenberg
42%
X95 S Hamburg Airport
42%
X30 S Harburg Rathaus
42%
X46 S Harburg Rathaus
42%
X86 Teufelsbrück (Fähre)
42%
X33 Trittau,Famila
42%
X33 U Billstedt
42%
X86 Bf.Altona
33%
X89 Bf.Elmshorn
33%
X95 Bf.Elmshorn
33%
X81 Mölln,ZOB
33%
X66 Bf.Tornesch
25%
X82 Geesthacht,Oberstadt
25%
X51 Lüneburg,ZOB
25%
X40 S Neugraben
25%
X89 S Wedel
25%
X99 S Wedel
25%
X66 Uetersen,Buttermarkt
25%
X87 Ratzeburg,Demolierung
17%
X51 Lüneburg,Leuphana
8%
X99 Elmshorn, Kurt-Wagener-Straße
0%
Keine übereinstimmenden Quizze gefunden
Verteilung der Resultate
Anzahl Personen mit jedem Resultat
Perzentil nach korrekt beantworteten Fragen
Ihre Resultats-Entwicklung
Sie haben dieses Quiz noch nicht gespielt